000
00204nam a22001097a 4500
082
_a
PUG
100
_a
Pugg B
245
_a
Practical lubrication
260
_a
London
_c
1970
300
_a
204
942
_c
BK
999
_c
12355
_d
12355